[Event "AUS-ch U18"]
[Site "Canberra"]
[Date "2007.01.25"]
[Round "10"]
[White "Redpath, Michael"]
[Black "Balaji, Shyam"]
[Result "1-0"]
[WhiteElo "1118"]
[BlackElo "1257"]
[PlyCount "119"]
[EventDate "2007.01.14"]
[EventType "swiss"]
[EventRounds "11"]
[EventCountry "AUS"]
[SourceTitle "EXT 2008"]
[Source "ChessBase"]
[SourceDate "2007.11.25"]
[SourceVersion "1"]
[SourceVersionDate "2007.11.25"]
[SourceQuality "1"]

1. e4 c5 2. Nf3 d6 3. d4 cxd4 4. Nxd4 Nf6 5. Nc3 a6 6. f3 e6 7. Be3 Be7 8. Qd2 b5 9. Nb3 Qc7 10. 0-0-0 Nbd7 11. g4 Nb6 12. Kb1 Bb7 13. h4 Nfd7 14. Bxb6 Nxb6 15. Na5 Rc8 16. Nxb7 Qxb7 17. g5 b4 18. Ne2 Nc4 19. Qd4 e5 20. Qd5 Qb6 21. Qd3 a5 22. Nc1 a4 23. Qd5 Rc5 24. Qa8+ Bd8 25. Qxa4+ Ke7 26. Nb3 Rc7 27. Bxc4 Ra7 28. Qb5 Bc7 29. Qxb6 Bxb6 30. h5 Rc7 31. Bd5 Rhc8 32. Na1 Bd4 33. g6 fxg6 34. hxg6 hxg6 35. Rh7 Kf6 36. f4 g5 37. fxg5+ Kxg5 38. Rdh1 Kg6 39. Rh8 Kg5 40. Rxc8 Rxc8 41. Nb3 Bb6 42. a3 bxa3 43. bxa3 Kf4 44. Rf1+ Ke3 45. Rg1 Rc7 46. Rg6 Ba7 47. Rxd6 g5 48. Rg6 Kf4 49. Nc1 g4 50. Nd3+ Ke3 51. Rxg4 Rh7 52. Rg3+ Ke2 53. Rg5 Kd2 54. Rg2+ Ke3 55. Nxe5 Rh1+ 56. Ka2 Bd4 57. Nc4+ Kf4 58. Nb2 Be5 59. a4 Rh5 60. Nd3+ 1-0

[Event "AUS-ch U18"]
[Site "Canberra"]
[Date "2007.01.22"]
[Round "8"]
[White "Balaji, Shyam"]
[Black "Lau, Aaron"]
[Result "1-0"]
[WhiteElo "1257"]
[BlackElo "749"]
[PlyCount "63"]
[EventDate "2007.01.14"]
[EventType "swiss"]
[EventRounds "11"]
[EventCountry "AUS"]
[SourceTitle "EXT 2008"]
[Source "ChessBase"]
[SourceDate "2007.11.25"]
[SourceVersion "1"]
[SourceVersionDate "2007.11.25"]
[SourceQuality "1"]

1. e4 e6 2. d4 d5 3. Nd2 Nf6 4. e5 Nfd7 5. Ndf3 c5 6. c3 Nc6 7. Bd3 Qb6 8. Ne2 cxd4 9. cxd4 Bb4+ 10. Bd2 Bxd2+ 11. Qxd2 Qb4 12. a3 Qxd2+ 13. Nxd2 a6 14. b4 0-0 15. Nb3 b6 16. 0-0 b5 17. Rfc1 Bb7 18. g3 f6 19. f4 fxe5 20. dxe5 Rac8 21. Ned4 Nxd4 22. Nxd4 Rxc1+ 23. Rxc1 Re8 24. Rc7 Bc8 25. Nxe6 Rxe6 26. Rxc8+ Kf7 27. Bxh7 g6 28. Bg8+ Ke7 29. Bxe6 Kxe6 30. Rc6+ Kf5 31. Rd6 Nf8 32. Rf6+ 1-0

[Event "AUS-ch U18"]
[Site "Canberra"]
[Date "2007.01.18"]
[Round "4"]
[White "Balaji, Shyam"]
[Black "Jack, Curtis1111"]
[Result "1-0"]
[WhiteElo "1257"]
[BlackElo "700"]
[PlyCount "96"]
[EventDate "2007.01.14"]
[EventType "swiss"]
[EventRounds "11"]
[EventCountry "AUS"]
[SourceTitle "EXT 2008"]
[Source "ChessBase"]
[SourceDate "2007.11.25"]
[SourceVersion "1"]
[SourceVersionDate "2007.11.25"]
[SourceQuality "1"]

1. d4 d5 2. c4 e6 3. Nc3 c6 4. Nf3 Nf6 5. Bg5 Bb4 6. Qc2 h6 7. Bxf6 gxf6 8. e3 dxc4 9. Bxc4 b5 10. Bd3 Nd7 11. a3 Bxc3+ 12. Qxc3 Bb7 13. Rc1 Rg8 14. Be4 Rc8 15. Nd2 Qb6 16. 0-0 a5 17. b4 a4 18. g3 Ke7 19. Bg2 f5 20. Kh1 Nf6 21. Qd3 Nh5 22. Rc5 Nf6 23. e4 fxe4 24. Nxe4 Nd7 25. Rh5 Rg6 26. Nc5 Nxc5 27. Rxc5 Rg5 28. Qe4 Rxc5 29. dxc5 Qd8 30. Qh4+ Ke8 31. Qg4 Qd3 32. Qf3 Rd8 33. Qxd3 Rxd3 34. Ra1 Ke7 35. Kg1 Kf6 36. Kf1 Rd2 37. Ke1 Rb2 38. Be4 Ke5 39. Bf3 Kd4 40. Rd1+ Kc3 41. Rd7 Ba8 42. Ra7 Kb3 43. Rxa8 Kxa3 44. Bxc6 Kxb4 45. Bxb5 a3 46. c6 a2 47. c7 Rc2 48. Rxa2 Rxc7 1-0

[Event "WA State-ch"]
[Site "South Perth"]
[Date "2006.08.20"]
[Round "8"]
[White "Balaji, Shyam"]
[Black "Pavlovic, Michael"]
[Result "1/2-1/2"]
[WhiteElo "1134"]
[BlackElo "1697"]
[PlyCount "42"]
[EventDate "2006.07.02"]
[EventType "swiss"]
[EventRounds "9"]
[EventCountry "AUS"]
[SourceTitle "EXT 2008"]
[Source "ChessBase"]
[SourceDate "2007.11.25"]
[SourceVersion "1"]
[SourceVersionDate "2007.11.25"]
[SourceQuality "1"]

1. d4 d5 2. c4 e6 3. Nf3 c6 4. Nc3 Nf6 5. Bg5 Nbd7 6. e3 Be7 7. Bd3 h6 8. Bh4 0-0 9. 0-0 dxc4 10. Bxc4 b5 11. Bd3 a6 12. Rc1 Bb7 13. Ne4 Nxe4 14. Bxe7 Qxe7 15. Bxe4 Rac8 16. Nd2 Nf6 17. Bf3 Nd5 18. Nb3 Nb6 19. Na5 Nd5 20. Nxb7 Qxb7 21. Rc5 Rc7 1/2-1/2

[Event "WA State-ch"]
[Site "South Perth"]
[Date "2006.07.09"]
[Round "2"]
[White "Garcia, Mat"]
[Black "Balaji, Shyam"]
[Result "1-0"]
[WhiteElo "1480"]
[BlackElo "1134"]
[PlyCount "133"]
[EventDate "2006.07.02"]
[EventType "swiss"]
[EventRounds "9"]
[EventCountry "AUS"]
[SourceTitle "EXT 2008"]
[Source "ChessBase"]
[SourceDate "2007.11.25"]
[SourceVersion "1"]
[SourceVersionDate "2007.11.25"]
[SourceQuality "1"]

1. Nf3 c5 2. c4 g6 3. g3 Bg7 4. Bg2 Nf6 5. Nc3 0-0 6. 0-0 Nc6 7. d4 cxd4 8. Nxd4 a6 9. Nxc6 dxc6 10. Qc2 e5 11. b3 Qc7 12. Ba3 Rd8 13. Rad1 Be6 14. c5 Nd7 15. Ne4 Bf5 16. Qc1 Nf6 17. Nd6 Be6 18. Qb2 Ne8 19. Nxe8 Rxe8 20. Rd6 e4 21. Qc2 f5 22. Rd2 Bd5 23. e3 Rad8 24. Rfd1 Kf8 25. Bf1 Qa5 26. Bb2 Bxb2 27. Qxb2 Qxc5 28. Qh8+ Kf7 29. Qxh7+ Kf6 30. Qxb7 a5 31. Qc7 Ke6 32. Qg7 Rg8 33. Qd4 Qxd4 34. Rxd4 Ra8 35. Bc4 Rad8 36. h4 Rg7 37. Bxd5+ cxd5 38. Kf1 Ke5 39. Ke2 Rc7 40. R1d2 Rc5 41. b4 axb4 42. Rxb4 Rc6 43. Rb7 Ra8 44. Rd7 Ra5 45. Re7+ Kf6 46. Rb7 Rca6 47. Rbb2 Ke5 48. Kd1 Rc6 49. Rd4 Rca6 50. Rbd2 Ke6 51. Ke2 Rxa2 52. Rxd5 Rxd2+ 53. Rxd2 Ra7 54. f3 Ra4 55. fxe4 Rxe4 56. Rd4 Re5 57. Kf3 Kf7 58. Kf4 Re6 59. e4 fxe4 60. Rxe4 Rf6+ 61. Kg4 Rf5 62. Rf4 Rxf4+ 63. Kxf4 Kf6 64. g4 Kg7 65. Ke5 Kh6 66. Kf6 Kh7 67. g5 1-0

[Event "Perth Metro CC-chE"]
[Site "Perth"]
[Date "2006.04.13"]
[Round "8"]
[White "Lofthouse, T."]
[Black "Balaji, Shyam"]
[Result "0-1"]
[WhiteElo "1001"]
[BlackElo "993"]
[PlyCount "100"]
[EventDate "2006.02.02"]
[EventType "tourn"]
[EventRounds "9"]
[EventCountry "AUS"]
[SourceTitle "EXT 2010"]
[Source "ChessBase"]
[SourceDate "2010.11.25"]
[SourceVersion "1"]
[SourceVersionDate "2010.11.25"]
[SourceQuality "1"]

1. e4 c5 2. d4 cxd4 3. c3 dxc3 4. Nxc3 Nc6 5. Nf3 d6 6. Bc4 e6 7. 0-0 a6 8. Qe2 b5 9. Bb3 Bb7 10. Bf4 Qc7 11. Rad1 Be7 12. e5 d5 13. Rfe1 Bc5 14. Bg3 Nge7 15. a3 Nf5 16. Bxd5 Nxg3 17. hxg3 exd5 18. Nxd5 Qc8 19. b4 Ba7 20. Nh4 0-0 21. Qe4 Rb8 22. Nf5 Qe6 23. Qg4 g6 24. Nf6+ Kh8 25. Qh4 h5 26. Qg5 Bxf2+ 27. Kxf2 Qxf5+ 28. Qxf5 gxf5 29. Nd7 Kg7 30. Nxb8 Nxb8 31. Rd6 Rc8 32. e6 Rc2+ 33. Ke3 fxe6 34. Rxe6 Kf7 35. Kf4 Be4 36. Rb6 Nc6 37. Rh1 Kg6 38. Rxa6 Rxg2 39. Rd1 Rf2+ 40. Ke3 Rf3+ 41. Ke2 Rxg3 42. Rd6+ Kg5 43. Rdxc6 Bxc6 44. Rxc6 Rxa3 45. Rb6 h4 46. Rxb5 h3 47. Kf2 Kg4 48. Rd5 h2 49. Rd1 Ra2+ 50. Ke3 Kg3 0-1